000 00426cam a2200181ua 4500
020 _c4.40
041 _aeng
_h
082 _a823.301
_bREI/CO
100 _aReid, P R .
245 _aColditz story /
_cP R Reid.
_hTextual Documents
250 _a1 /
_b.
260 _aLondon :
_bUniversity of London Press Ltd ,
_c1960.
300 _a190 ; .
365 _a4.40
504 _a
942 _cBK
999 _c7621
_d7621